000 01410nam a22002777a 4500
001 1476
005 20250528094958.0
020 _a9789995054656
040 _aFISKH
_beng
_cFISKH
_dFISKH
082 _a635.9
100 _aBunheng, Sien
245 _aការដាំត្រសក់ /
250 _aបោះពុម្ពលើកទី ៥ មករា ២០២១
260 _aPhnom Penh :
_bSipar,
_c2021.
300 _a32 pages :
_bcolor illustrations ;
_c29 cm
490 _aបំណិនជីវិត
505 _aZ'
520 _aបង្ហាញអំពីរបៀបរៀបចំដី ការបណ្ដុះកូន រហូតដល់ការប្រមូលផល និងមានវិធីចម្អិនត្រសក់ដើម្បីធ្វើម្ហូប សាមញ្ញៗសម្រាប់បរិភោគក្នុងគ្រួសារ។
520 _aDemonstrate how to prepare the soil, grow a small cucumber until harvest and how to cook cucumbers to make simple dishes for family consumption.
521 _a1120
_bLexile estimate
521 _aZ'
_bRaz-Plus
650 _aរៀបចំដី
_vបណ្ដុះកូន
_xប្រមូលផល
650 _aPrepare a soil
_vGrow a small vegetable
_xHarvest
700 _aSophaleap, Nhoek
_cillustrator
942 _2ddc
_cBK
_n0
999 _c1476
_d1476